[Event "It (open)"]
[Site "masterchessopen.com - Biel (Switzerland)"]
[Round "2"]
[White "Barbero Gerardo F (ARG)"]
[Black "Kuemin Simon (SUI)"]
[Result "1-0"]
[WhiteElo "2415"]
[BlackElo "2195"]

1.d4 Nf6 2.c4 c5 3.d5 b5 4.cxb5 a6 5.bxa6 g6 6.Nc3 Bxa6 7.g3 d6 8.Bg2 Bg7
9.Nf3 Nbd7 10.O-O Nb6 11.Re1 O-O 12.Bf4 Nc4 13.Qc1 Qa5 14.Nd2 Nd7 15.Nxc4 Bxc4
16.Bd2 Qa6 17.b3 Bxe2 18.Bh6 Bxh6 19.Qxh6 Bg4 20.h3 Bf5 21.g4 Bc2 22.Bf1 Bd3
23.Rxe7 Nf6 24.g5 Nh5 25.Ne4 {#r} 1-0

[Event "It (open)"]
[Site "masterchessopen.com - Hervey Bay (Australia)"]
[Round "4"]
[White "Weller Tony (AUS)"]
[Black "Rogers Ian (AUS)"]
[Result "0-1"]
[WhiteElo "1889"]
[BlackElo "2605"]

1.d4 Nf6 2.c4 c5 3.d5 b5 4.cxb5 a6 5.Nc3 axb5 6.Nxb5 Ba6 7.Nc3 g6 8.Nf3 d6
9.g3 Bg7 10.Bg2 O-O 11.O-O Nbd7 12.Re1 Qa5 13.e4 Ng4 14.Bd2 Rfb8 15.Rb1 Bd3
16.h3 Nge5 17.Nxe5 Nxe5 18.f4 Nc4 19.e5 Bxb1 20.Nxb1 Nxd2 21.exd6 exd6 22.Nxd2
Qxa2 23.Ne4 Rxb2 24.Qf3 Ra3 25.Qf1 Bd4+ 26.Kh1 h5 27.Nxd6 Rxg3 28.f5 Rxh3+
{#R} 0-1

[Event "Ch Spain (juniors) (under 12)"]
[Site "masterchessopen.com - Oropesa (Spain)"]
[Round "0"]
[White "Castro Acosta Andres (ESP)"]
[Black "Alcazar Jimenez Victor (ESP)"]
[Result "0-1"]
[WhiteElo "2152"]
[BlackElo "2379"]

1.d4 Nf6 2.c4 c5 3.d5 b5 4.cxb5 a6 5.bxa6 g6 6.Nc3 Bxa6 7.g3 d6 8.Bg2 Bg7
9.Nf3 O-O 10.O-O Nbd7 11.Bf4 Qa5 12.Qc2 Rfb8 13.Rab1 Bc4 14.Nd2 Nb6 15.Nxc4
Nxc4 16.a3 Nd7 17.Rfe1 Rxb2 18.Rxb2 Nxb2 19.Bd2 Nc4 20.Ne4 Nxd2 21.Nxd2 Qxa3
22.Rb1 Qa2 23.Qc1 h6 24.Rb7 Qa6 25.Rxd7 Qb5 26.Rc7 Ra1 27.Rc8+ Kh7 {#R} 0-1

[Event "Ch Poland (team) (2nd liga)"]
[Site "masterchessopen.com - Wisla (Poland)"]
[Round "0"]
[White "Kasperek Wieslaw (POL)"]
[Black "Lorenc Marian (POL)"]
[Result "0-1"]
[WhiteElo "2084"]
[BlackElo "2105"]

1.d4 Nf6 2.c4 c5 3.d5 b5 4.cxb5 a6 5.bxa6 Bxa6 6.Nc3 g6 7.g3 d6 8.Bg2 Bg7
9.Nf3 O-O 10.O-O Nbd7 11.h3 Qb6 12.Re1 Rfb8 13.e4 Ne8 14.Qc2 Qb4 15.Bf1 c4
16.Rd1 Ne5 17.Ne1 Nc7 18.f4 Nd7 19.Rd2 Nb5 20.Nxb5 Bxb5 21.Nf3 c3 22.bxc3 Qxc3
23.Rb1 Qxf3 24.Rxb5 Rc8 25.Qd1 Qxe4 26.Re2 Qc4 {#R} 0-1

[Event "Ch DDMM (w)"]
[Site "masterchessopen.com - Germany"]
[Round "0"]
[White "Dengler Dijana (BIH)"]
[Black "Goldammer Anne (GER)"]
[Result "1-0"]
[WhiteElo "2117"]
[BlackElo "2155"]

1.d4 Nf6 2.c4 c5 3.d5 b5 4.cxb5 a6 5.Nc3 axb5 6.Nxb5 Ba6 7.Nc3 g6 8.g3 d6
9.Nf3 Bg7 10.Bg2 O-O 11.O-O Nbd7 12.Re1 Ng4 13.Nd2 Qb6 14.h3 Nge5 15.Kh2 Rfb8
16.f4 Nc4 17.Nxc4 Bxc4 18.e4 Bxc3 19.bxc3 Rxa2 20.Rxa2 Bxa2 21.Qa4 {#r} 1-0

[Event "It (open)"]
[Site "masterchessopen.com - Nachod (Czech Republic)"]
[Round "4"]
[White "Nyvlt Otto (CZE)"]
[Black "Stastny Jan (CZE)"]
[Result "0-1"]
[WhiteElo "1986"]
[BlackElo "2213"]

1.d4 c5 2.d5 Nf6 3.c4 b5 4.cxb5 a6 5.Nc3 axb5 6.Nxb5 Ba6 7.Nc3 g6 8.g3 d6
9.Bg2 Bg7 10.Nf3 Nbd7 11.O-O Nb6 12.Re1 O-O 13.e4 Nfd7 14.Bf4 Nc4 15.Qc2 Qa5
16.Rac1 Rfb8 17.b3 Na3 18.Qd2 c4 19.Nd4 Bxd4 20.Qxd4 cxb3 21.axb3 Nc5 22.Nb1
Nc2 23.b4 Rxb4 24.Qc3 Nxe1 25.Rxe1 Nd3 26.Bh6 f6 27.Qc6 Bb5 28.Qb7 Qd8 {#R}
0-1

[Event "Ch Spain"]
[Site "masterchessopen.com - Palencia (Spain)"]
[Round "3"]
[White "Palacios Perez Manuel (ESP)"]
[Black "Castro Molero Manuel (ESP)"]
[Result "1-0"]
[WhiteElo "2129"]
[BlackElo "2275"]

1.d4 Nf6 2.c4 c5 3.d5 b5 4.cxb5 a6 5.bxa6 Bxa6 6.Nc3 g6 7.Nf3 d6 8.g3 Bg7
9.Bg2 Nbd7 10.Rb1 Nb6 11.b3 O-O 12.Bb2 Ra7 13.O-O Qa8 14.Nh4 Nfd7 15.a4 Ne5
16.Re1 f5 17.Qd2 Qe8 18.f4 Ng4 19.Nd1 e5 20.dxe6 Qxe6 21.a5 {#r} 1-0

[Event "Cup World (for the Blind)"]
[Site "masterchessopen.com - Benasque (Spain)"]
[Round "4"]
[White "Bischoff Dieter (GER)"]
[Black "Heinich Manfred (GER)"]
[Result "1-0"]
[WhiteElo "2192"]
[BlackElo "2190"]

1.d4 Nf6 2.c4 c5 3.d5 b5 4.cxb5 a6 5.bxa6 g6 6.Nc3 Bxa6 7.g3 d6 8.Bg2 Bg7
9.Nf3 Nbd7 10.Rb1 Nb6 11.b3 O-O 12.O-O Ne8 13.Bb2 Nc7 14.Nh4 Nb5 15.Nxb5 Bxb5
16.Bxg7 Kxg7 17.Qd2 Ra7 18.a4 Bd7 19.e4 Qa8 20.Rfc1 c4 21.Qd4+ f6 22.Qxb6 Rb8
23.Qe3 cxb3 24.Rxb3 Rxb3 25.Qxb3 Bxa4 26.Qe3 {#r} 1-0

[Event "Ch NRW (juniors) (under 14)"]
[Site "masterchessopen.com - Bergneustadt (Germany)"]
[Round "9"]
[White "Ries Benjamin (GER)"]
[Black "Thesing Michael"]
[Result "1-0"]
[WhiteElo "2089"]
[BlackElo "1447"]

1.d4 Nf6 2.c4 c5 3.d5 b5 4.cxb5 a6 5.bxa6 Bxa6 6.Nc3 d6 7.Nf3 g6 8.g3 Bg7
9.Bg2 Nbd7 10.O-O Qb6 11.Qc2 O-O 12.Rb1 Bc4 13.Nd2 Bxa2 14.Ra1 Bxd5 15.Nxd5
Nxd5 16.Rxa8 Rxa8 17.Bxd5 Rb8 18.b3 e6 19.Bg2 Qa6 20.Re1 d5 21.Bb2 Bxb2
22.Qxb2 c4 23.Qc3 Qa3 24.Ra1 {#r} 1-0

[Event "It (open)"]
[Site "masterchessopen.com - Chania (Greece)"]
[Round "2"]
[White "Nesic Nebojsa (SRB)"]
[Black "Fragakis Efstratios (GRE)"]
[Result "1-0"]
[WhiteElo "2234"]
[BlackElo "2111"]

1.d4 Nf6 2.c4 c5 3.d5 b5 4.cxb5 a6 5.bxa6 Bxa6 6.Nc3 d6 7.g3 g6 8.Bg2 Bg7
9.Nf3 Nbd7 10.Rb1 O-O 11.O-O Qa5 12.Bd2 Rfb8 13.a4 Rb7 14.b3 Rab8 15.Re1 Qd8
16.Qc2 Ng4 17.h3 Nge5 18.Ng5 Nf8 19.f4 h6 20.Ne6 fxe6 21.dxe6 Kh7 22.fxe5 Ra7
23.Rf1 Nxe6 24.Qxg6+ Kxg6 25.Be4+ Kh5 26.Rf5+ {#r} 1-0

[Event "It (open) (a)"]
[Site "masterchessopen.com - Voronezh (Russia)"]
[Round "6"]
[White "Shtyrenkov Veniamen (RUS)"]
[Black "Scetinin Alexander (RUS)"]
[Result "1-0"]
[WhiteElo "2511"]
[BlackElo "2301"]

1.d4 Nf6 2.c4 c5 3.d5 b5 4.cxb5 a6 5.bxa6 Bxa6 6.Nc3 g6 7.g3 d6 8.Bg2 Bg7
9.Nf3 Nbd7 10.Rb1 Nb6 11.O-O O-O 12.b3 Ra7 13.a4 Qa8 14.Nh4 Ne8 15.Bb2 Nc7
16.Qd2 Bb7 17.e4 c4 18.Nb5 Nxb5 19.Bxg7 Kxg7 20.axb5 cxb3 21.Qd4+ {#r} 1-0

[Event "It (open)"]
[Site "masterchessopen.com - Bizovac (Croatia)"]
[Round "1"]
[White "Cvitan Ognjen (CRO)"]
[Black "Poropat Marijan (CRO)"]
[Result "1-0"]
[WhiteElo "2550"]
[BlackElo "2108"]

1.d4 Nf6 2.c4 c5 3.d5 b5 4.cxb5 a6 5.bxa6 Bxa6 6.Nc3 g6 7.g3 d6 8.Bg2 Bg7
9.Nf3 Nbd7 10.Rb1 Ng4 11.Bd2 Nb6 12.b3 Bb7 13.Nh4 O-O 14.a4 f5 15.O-O f4 16.b4
fxg3 17.hxg3 Bxc3 18.Bxc3 Nxa4 19.Ba1 Bc8 20.Qd2 cxb4 21.Rxb4 Nc5 22.Qg5 Rxf2
23.Nxg6 Rxf1+ 24.Bxf1 Rxa1 25.Nxe7+ Kf7 26.Rf4+ Ke8 27.Qg8+ Kd7 28.Qxg4+ {#r}
1-0

[Event "Ch Poland (team) (juniors) (under 20) (2 div)"]
[Site "masterchessopen.com - Krynica (Poland)"]
[Round "7"]
[White "Brodowski Piotr (POL)"]
[Black "Stuczynski Andrzej (POL)"]
[Result "0-1"]
[WhiteElo "2120"]
[BlackElo "2257"]

1.d4 Nf6 2.c4 c5 3.d5 b5 4.cxb5 a6 5.bxa6 Bxa6 6.Nc3 d6 7.Nf3 g6 8.g3 Bg7
9.Bg2 O-O 10.Rb1 Nbd7 11.b3 Qa5 12.Bd2 Rfb8 13.O-O Ra7 14.h3 Ne8 15.Qc2 Nc7
16.Rfd1 Qa3 17.Bc1 Qa5 18.Bb2 Bc8 19.a4 Rab7 20.Ba1 Rb6 {#R} 0-1

[Event "It (open) \"]
[Site "masterchessopen.com - Lisbon (Portugal)"]
[Round "2"]
[White "Lazarev Vladimir (FRA)"]
[Black "Calzetta Monica (ESP)"]
[Result "1-0"]
[WhiteElo "2441"]
[BlackElo "2303"]

1.d4 Nf6 2.c4 c5 3.d5 b5 4.cxb5 a6 5.bxa6 g6 6.Nc3 Bxa6 7.g3 d6 8.Bg2 Bg7
9.Nf3 Nbd7 10.Rb1 Qa5 11.O-O O-O 12.Bd2 Rfb8 13.Qc2 Nb6 14.b3 Qa3 15.Bc1 Qa5
16.Rd1 Bc8 17.a4 Bf5 18.e4 Bg4 19.h3 Bd7 20.Bf1 Qa7 21.Be3 Qc7 22.Kh2 Ne8
23.Nd2 Qc8 24.Rdc1 Nc7 25.Qd1 Na6 26.a5 {#r} 1-0

[Event "Mind Sports Olympiad"]
[Site "masterchessopen.com - London (England)"]
[Round "1"]
[White "Harman Ronald F A (ENG)"]
[Black "Gardner Robert (CAN)"]
[Result "0-1"]
[WhiteElo "2037"]
[BlackElo "2206"]

1.d4 Nf6 2.Nf3 c5 3.d5 d6 4.c4 b5 5.cxb5 a6 6.Nc3 axb5 7.Nxb5 Ba6 8.Nc3 g6
9.g3 Bg7 10.Bg2 Nbd7 11.O-O Nb6 12.Re1 O-O 13.e4 Nc4 14.e5 Ng4 15.exd6 exd6
16.h3 Nge5 17.Nxe5 Nxe5 18.Bf1 Qc8 19.Bxa6 Rxa6 20.Kg2 c4 21.Re2 Nd3 22.Rc2
Qf5 23.Re2 Bxc3 24.bxc3 Qxd5+ 25.Kh2 Qf3 26.Be3 Re8 27.Rc2 Qe4 28.Rd2 Ne5 {#R}
0-1

[Event "Memorial C.Torre"]
[Site "masterchessopen.com - Merida (Mexico)"]
[Round "2"]
[White "Almeida Omar (CUB)"]
[Black "Lopez Manuel (MEX)"]
[Result "1-0"]
[WhiteElo "2473"]
[BlackElo "2117"]

1.d4 Nf6 2.c4 c5 3.d5 b5 4.cxb5 a6 5.bxa6 Bxa6 6.Nc3 d6 7.g3 g6 8.Bg2 Bg7
9.Nf3 O-O 10.O-O Nbd7 11.Re1 Ng4 12.Bd2 Qb6 13.h3 Nge5 14.Nxe5 Nxe5 15.b3 Rfb8
16.Rb1 Qa7 17.f4 Nd7 18.Kh2 Rb7 19.Qc2 Rab8 20.e4 c4 21.Be3 Bd4 22.Bxd4 Qxd4
23.bxc4 Bxc4 24.Rxb7 Rxb7 25.e5 Rc7 26.Nb5 {#r} 1-0

[Event "It (open)"]
[Site "masterchessopen.com - Baunatal (Germany)"]
[Round "6"]
[White "Khanukov Boris (GER)"]
[Black "Von Kiedrowski Klemens (GER)"]
[Result "1-0"]
[WhiteElo "2343"]
[BlackElo "2053"]

1.d4 Nf6 2.c4 c5 3.d5 b5 4.cxb5 a6 5.bxa6 g6 6.Nc3 Bxa6 7.g3 d6 8.Bg2 Bg7
9.Nf3 O-O 10.O-O Nbd7 11.Re1 Qc7 12.Rb1 Rfb8 13.b3 Ra7 14.Bd2 Rab7 15.a3 Ra8
16.Qc2 Qb8 17.Rec1 Raa7 18.h3 Rb6 19.Be3 Bb7 20.Nd2 Ba6 21.b4 Rc7 22.Na4 Rb5
23.bxc5 Nxc5 24.Nxc5 dxc5 {#r} 1-0

[Event "Ch Belgium (team) 2001/02"]
[Site "masterchessopen.com - Belgium"]
[Round "9"]
[White "Bergez Luc (FRA)"]
[Black "De Wit Michel (NED)"]
[Result "1-0"]
[WhiteElo "2363"]
[BlackElo "2308"]

1.d4 Nf6 2.c4 c5 3.d5 b5 4.cxb5 a6 5.bxa6 Bxa6 6.Nc3 d6 7.Nf3 g6 8.g3 Bg7
9.Bg2 O-O 10.O-O Nbd7 11.h3 Ra7 12.Re1 Qa8 13.e4 Nb6 14.Bg5 Rb8 15.Qc1 Bc4
16.Qf4 Bxa2 17.Bxf6 Bxf6 18.e5 Bg7 19.exd6 Nxd5 20.Nxd5 Bxd5 21.Rxa7 Qxa7
22.Rxe7 Qa1+ 23.Kh2 Rf8 24.d7 Bxf3 25.d8=Q {#r} 1-0

[Event "It (open) \"]
[Site "masterchessopen.com - Bratislava (Slovakia)"]
[Round "1"]
[White "Bury Rastislav (SVK)"]
[Black "Zetocha Claudiu (SVK)"]
[Result "0-1"]
[WhiteElo "2173"]
[BlackElo "2398"]

1.d4 Nf6 2.c4 c5 3.d5 b5 4.cxb5 a6 5.bxa6 g6 6.Nc3 Bxa6 7.Nf3 d6 8.g3 Bg7
9.Bg2 Nbd7 10.O-O Nb6 11.Nd2 O-O 12.Qc2 Ra7 13.Rd1 Qa8 14.e4 Ng4 15.Nf1 Bd4
16.Ne3 Nxe3 17.Bxe3 Bxe3 18.fxe3 Nc4 19.Qc1 Rb8 20.b3 Ne5 21.Bf1 Bxf1 22.Kxf1
Rb4 23.Qc2 c4 24.Rab1 Rc7 25.Kg2 Qc8 {#R} 0-1

[Event "It (open)"]
[Site "masterchessopen.com - Creon (France)"]
[Round "1"]
[White "Epishin Vladimir (GER)"]
[Black "Larand Manuel (FRA)"]
[Result "1-0"]
[WhiteElo "2626"]
[BlackElo "2065"]

1.d4 Nf6 2.c4 c5 3.d5 b5 4.cxb5 a6 5.bxa6 Bxa6 6.Nc3 g6 7.g3 d6 8.Bg2 Bg7
9.Nf3 O-O 10.Rb1 Nbd7 11.b3 Ra7 12.O-O Qa8 13.Bb2 Rb8 14.Re1 Ng4 15.h3 Nge5
16.Nd2 g5 17.Ba1 h6 18.Qc2 Bc8 19.a4 Rb4 20.Nb5 Rxb5 21.axb5 Nf3+ 22.exf3 Bxa1
23.Rxe7 Kf8 24.Re2 Ra2 25.Qd1 {#r} 1-0

[Event "Ch Finland (team) 2001/02 (I Division)"]
[Site "masterchessopen.com - Finland"]
[Round "5"]
[White "Johansson Jukka (FIN)"]
[Black "Lauren Martti (FIN)"]
[Result "1-0"]
[WhiteElo "2134"]
[BlackElo "2187"]

1.d4 Nf6 2.c4 c5 3.d5 b5 4.cxb5 a6 5.bxa6 Bxa6 6.g3 d6 7.Bg2 g6 8.Nc3 Bg7
9.Nf3 Nbd7 10.Rb1 O-O 11.O-O Qc7 12.Re1 Rfb8 13.Qc2 Rb4 14.Bd2 Rab8 15.e4 Ng4
16.Nd1 R4b7 17.b3 c4 18.Rc1 Nc5 19.bxc4 Rb2 20.Nxb2 Rxb2 21.Qd1 Rxa2 22.Rc2
Ra4 23.Bf1 Qa7 24.Qe2 Nd3 25.Qxd3 Qxf2+ 26.Kh1 Bxc4 27.Rxc4 Rxc4 28.Qxc4 {#r}
1-0

[Event "Cup Independence (open)"]
[Site "masterchessopen.com - Kiev (Ukraine)"]
[Round "7"]
[White "Gordenko Dmitry (UKR)"]
[Black "Dolzhikova Kateryna (UKR)"]
[Result "1-0"]
[WhiteElo "2345"]
[BlackElo "2148"]

1.d4 Nf6 2.c4 c5 3.d5 b5 4.cxb5 a6 5.bxa6 d6 6.Nc3 Bxa6 7.g3 g6 8.Bg2 Bg7
9.Nf3 Nbd7 10.Rb1 Nb6 11.b3 O-O 12.O-O Ra7 13.a4 Qa8 14.Nh4 Rb8 15.Bb2 Nfd7
16.Ba1 Ne5 17.Qc2 c4 18.b4 Bb7 19.Rfd1 Ned7 20.a5 Bxc3 21.Qxc3 Ne5 22.axb6 Ra3
23.Qd4 Rc8 24.Bh3 f5 25.f4 c3 26.fxe5 c2 27.exd6 cxd1=Q+ 28.Rxd1 {#r} 1-0

[Event "It (open)"]
[Site "masterchessopen.com - Mar del Plata (Argentina)"]
[Round "5"]
[White "Palmisano Juan Antonio (ARG)"]
[Black "Altamirano Benjamin (ARG)"]
[Result "0-1"]
[WhiteElo "2198"]
[BlackElo "2302"]

1.d4 Nf6 2.c4 c5 3.d5 b5 4.cxb5 a6 5.bxa6 g6 6.Nc3 Bxa6 7.g3 d6 8.Bg2 Bg7
9.Nf3 Nbd7 10.O-O Nb6 11.Rb1 Nfd7 12.Bg5 h6 13.Bd2 Nc4 14.b3 Nxd2 15.Qxd2 O-O
16.Rfc1 Qa5 17.e3 Rfb8 18.Bh3 Bc8 19.Na4 Ne5 {#R} 0-1

[Event "Memorial Jose Rubinstein"]
[Site "masterchessopen.com - Olivos (Argentina)"]
[Round "9"]
[White "Micele Omar (ARG)"]
[Black "Aberbach Angel (ARG)"]
[Result "0-1"]
[WhiteElo "2105"]
[BlackElo "2104"]

1.d4 Nf6 2.c4 c5 3.d5 b5 4.cxb5 a6 5.bxa6 Bxa6 6.Nc3 d6 7.g3 g6 8.Bg2 Bg7
9.Nf3 O-O 10.O-O Nbd7 11.Re1 Qb6 12.h3 Rfb8 13.e4 Ne8 14.Qc2 c4 15.a4 Nc5
16.a5 Qb4 17.Bf1 Nc7 18.Na2 Qb3 19.Qxb3 cxb3 20.Bxa6 N7xa6 21.Bg5 bxa2 22.Bxe7
Rxb2 23.Bxd6 Nxe4 24.Be5 Bxe5 25.Nxe5 Nxf2 26.h4 Nc5 27.Nc6 Nce4 28.g4 Nh3+
{#R} 0-1

[Event "It (open)"]
[Site "masterchessopen.com - St. Lo (France)"]
[Round "1"]
[White "Amoyal Pierre (FRA)"]
[Black "Clement Nicolas (FRA)"]
[Result "0-1"]
[WhiteElo "2220"]
[BlackElo "2091"]

1.d4 Nf6 2.c4 c5 3.d5 b5 4.cxb5 a6 5.bxa6 g6 6.Nf3 Bxa6 7.g3 Bg7 8.Bg2 d6
9.Nc3 O-O 10.Rb1 Nbd7 11.O-O Nb6 12.a3 Bc4 13.Nd2 Ba6 14.b4 cxb4 15.axb4 Qc7
16.Qb3 Nfd7 17.Bb2 Bc4 18.Qd1 Bxc3 19.Nxc4 Qxc4 20.Rc1 Na4 21.Ba1 Qxb4 {#R}
0-1

[Event "It (open)"]
[Site "masterchessopen.com - Trinec (Czech Republic)"]
[Round "9"]
[White "Sikora-Lerch Jan (CZE)"]
[Black "Bartel Michal (POL)"]
[Result "1-0"]
[WhiteElo "2346"]
[BlackElo "2154"]

1.d4 Nf6 2.c4 c5 3.d5 b5 4.cxb5 a6 5.bxa6 Bxa6 6.Nc3 d6 7.g3 g6 8.Bg2 Bg7
9.Nf3 O-O 10.h3 Nbd7 11.O-O Qa5 12.Bd2 Rfb8 13.Qc2 Ne8 14.Rfd1 Nc7 15.Bf1 Nb6
16.b3 c4 17.e4 Qc5 18.Rac1 cxb3 19.axb3 Bxf1 20.Kxf1 Nb5 21.Qd3 Nd7 22.Nxb5
Qxb5 23.Rc8+ {#r} 1-0

[Event "It (open)"]
[Site "masterchessopen.com - Turku (Finland)"]
[Round "4"]
[White "Johansson Jukka (FIN)"]
[Black "Tuominen Risto (FIN)"]
[Result "0-1"]
[WhiteElo "2134"]
[BlackElo "2213"]

1.d4 Nf6 2.c4 c5 3.d5 b5 4.cxb5 a6 5.bxa6 g6 6.g3 d6 7.Bg2 Bg7 8.Nc3 Bxa6
9.Nf3 O-O 10.Rb1 Nbd7 11.O-O Qb6 12.Qc2 Bc4 13.b3 Bxd5 14.Nxd5 Nxd5 15.a4 Nc3
16.Rb2 Rab8 17.Re1 Nxa4 18.Ra2 Nc3 19.Ra3 Ra8 20.Nd2 Rxa3 21.Bxa3 Qa6 {#R} 0-1

[Event "It (open)"]
[Site "masterchessopen.com - Zwolle (Netherlands)"]
[Round "1"]
[White "Lalic Bogdan (ENG)"]
[Black "Struik Tjapko (NED)"]
[Result "1-0"]
[WhiteElo "2547"]
[BlackElo "2142"]

1.d4 Nf6 2.c4 c5 3.d5 b5 4.cxb5 a6 5.bxa6 g6 6.Nc3 Bxa6 7.Nf3 d6 8.g3 Bg7
9.Bg2 Nbd7 10.Rb1 O-O 11.O-O Nb6 12.b3 Ra7 13.Re1 Qa8 14.e4 Ne8 15.Bb2 Nc7
16.a4 Bb7 17.h4 c4 18.Nb5 Nxb5 19.Bxg7 Kxg7 20.axb5 cxb3 21.Qd4+ {#r} 1-0

[Event "It (open) \"]
[Site "masterchessopen.com - Berlin (Germany)"]
[Date "2002.08.22"]
[Round "6"]
[White "Korell Klaus-Peter (GER)"]
[Black "Baumert Christian (GER)"]
[Result "1-0"]
[WhiteElo "2087"]
[BlackElo "2149"]

1.d4 Nf6 2.c4 c5 3.d5 b5 4.cxb5 a6 5.bxa6 g6 6.Nc3 Bxa6 7.Nf3 d6 8.g3 Bg7
9.Bg2 Nbd7 10.O-O Nb6 11.Rb1 Bc4 12.Nd2 Bxa2 13.Nxa2 Rxa2 14.b4 c4 15.Nxc4 O-O
16.Na5 Qd7 17.Be3 Na8 18.Qb3 Qa4 19.Qxa4 Rxa4 20.Nc6 {#r} 1-0

[Event "Ch Poland (juniors) (under 16) (1/2 final)"]
[Site "masterchessopen.com - Torun (Poland)"]
[Round "7"]
[White "Kulczyk Pawel (POL)"]
[Black "Roubo Dariusz (POL)"]
[Result "1-0"]
[WhiteElo "2097"]
[BlackElo "2108"]

1.d4 Nf6 2.c4 c5 3.d5 b5 4.cxb5 a6 5.bxa6 Bxa6 6.Nc3 d6 7.Nf3 g6 8.g3 Bg7
9.Bg2 Nbd7 10.O-O O-O 11.Re1 Qa5 12.h3 Rfb8 13.Nd2 Ne8 14.Qc2 Nc7 15.Rb1 Nb5
16.Nxb5 Bxb5 17.a3 Ba6 18.Ne4 Bc4 19.b3 Qb5 20.b4 Ra6 21.Bb2 Bxb2 22.Rxb2 Rxa3
23.Nd2 Bxe2 24.Nb1 Bd3 25.Nxa3 Qa6 26.Qc3 cxb4 27.Rxb4 Rc8 28.Qb2 Qa5 {#r} 1-0

[Event "Ch Hungary (team) 2002/03 (2 liga)"]
[Site "masterchessopen.com - Hungary"]
[Date "2002.10.13"]
[Round "2"]
[White "Veress Robert (HUN)"]
[Black "Bors Tamas (HUN)"]
[Result "1-0"]
[WhiteElo "2194"]
[BlackElo "2289"]

1.d4 Nf6 2.c4 c5 3.d5 b5 4.cxb5 a6 5.bxa6 g6 6.Nc3 Bxa6 7.g3 d6 8.Nf3 Bg7
9.Bg2 Nbd7 10.Rb1 Nb6 11.b3 Ra7 12.O-O O-O 13.a4 Qa8 14.Nh4 Ne8 15.Bb2 Nc7
16.Qd2 Bb7 17.e4 Rd8 18.Rfd1 Qc8 19.Ne2 Bxb2 20.Rxb2 Na6 21.Qh6 Nd7 22.Bh3 Qb8
23.Nf5 gxf5 24.Bxf5 Nf6 25.Nf4 Rd7 26.Nh5 {#r} 1-0

[Event "Olympiad (under 16)"]
[Site "masterchessopen.com - Denizli (Turkey)"]
[Round "4"]
[White "Margvelashvili Giorgi (GEO)"]
[Black "Georgiadis Ioannis (GRE)"]
[Result "1-0"]
[WhiteElo "2349"]
[BlackElo "2129"]

1.d4 Nf6 2.c4 c5 3.d5 b5 4.cxb5 a6 5.bxa6 Bxa6 6.Nc3 d6 7.g3 g6 8.Bg2 Bg7
9.Nf3 O-O 10.O-O Nbd7 11.Rb1 Qa5 12.Bd2 Rfb8 13.Qc2 Bb7 14.b3 Qa6 15.e4 e6
16.dxe6 fxe6 17.Rfe1 Ng4 18.a4 Rf8 19.Nb5 Bc6 20.Nc7 Qb7 21.Nxa8 Qxa8 22.h3
Ndf6 23.hxg4 Nxe4 24.Be3 Nc3 25.Nh4 {#r} 1-0

[Event "Cup Slovakia"]
[Site "masterchessopen.com - Martin (Slovakia)"]
[Round "7"]
[White "Macka Oto (SVK)"]
[Black "Toczek Grzegorz (POL)"]
[Result "0-1"]
[WhiteElo "2027"]
[BlackElo "2378"]

1.d4 Nf6 2.c4 c5 3.d5 b5 4.cxb5 a6 5.bxa6 g6 6.g3 d6 7.Bg2 Bxa6 8.Nc3 Bg7
9.Nf3 O-O 10.O-O Nbd7 11.Re1 Nb6 12.e4 Nfd7 13.Nd2 Ne5 14.f4 Nd3 15.h3 Nxe1
16.Qxe1 Qb8 17.Bf1 Bxf1 18.Qxf1 Na4 19.Qd3 Nxb2 20.Qc2 Na4 21.Rb1 Qa7 22.Nxa4
Qxa4 23.Qxa4 Rxa4 24.a3 Bc3 25.Rb7 Bxd2 26.Bxd2 Rxe4 27.a4 Rxa4 28.Rxe7 Rd4
{#R} 0-1

[Event "It (open)"]
[Site "masterchessopen.com - Cesenatico (Italy)"]
[Date "2003.09.02"]
[Round "4"]
[White "Muller Michael (FRA)"]
[Black "Costantini Roberto (ITA)"]
[Result "0-1"]
[WhiteElo "2053"]
[BlackElo "2291"]

1.d4 Nf6 2.Nf3 c5 3.d5 b5 4.c4 g6 5.cxb5 a6 6.bxa6 Bxa6 7.Nc3 d6 8.g3 Bg7
9.Bg2 Nbd7 10.O-O Nb6 11.Re1 O-O 12.Bg5 h6 13.Bf4 Nh5 14.e4 Nc4 15.Bc1 Qa5
16.Rb1 Rfb8 17.Na4 Bc8 18.b3 Bd7 19.Nb2 Qxa2 {#R} 0-1

[Event "It (open) (w)"]
[Site "masterchessopen.com - Bosnjaci (Croatia)"]
[Round "6"]
[White "Medic Mirjana (CRO)"]
[Black "Berke Ana (CRO)"]
[Result "1-0"]
[WhiteElo "2237"]
[BlackElo "2034"]

1.Nf3 d6 2.d4 c5 3.c4 g6 4.d5 b5 5.cxb5 a6 6.bxa6 Bxa6 7.Nc3 Nf6 8.g3 Bg7
9.Bg2 O-O 10.O-O Nbd7 11.Rb1 Qa5 12.Bd2 Rfb8 13.b3 Ng4 14.Qc2 Nde5 15.Nxe5
Nxe5 16.h3 Ra7 17.Rfe1 h6 18.a4 Qc7 19.Na2 Rba8 20.Bc3 Bb7 21.Rec1 e6 22.dxe6
fxe6 23.Bxe5 dxe5 24.Qxg6 Bxg2 25.Qxe6+ Kh8 26.Kxg2 Ra6 27.Qd5 Rf8 {#r} 1-0

[Event "It (cat.7)"]
[Site "masterchessopen.com - Pinamar (Argentina)"]
[Date "2004.03.27"]
[Round "4"]
[White "Lafuente Pablo (ARG)"]
[Black "Giardelli Sergio C (ARG)"]
[Result "1-0"]
[WhiteElo "2473"]
[BlackElo "2432"]

1.d4 Nf6 2.c4 c5 3.d5 b5 4.cxb5 a6 5.bxa6 g6 6.Nc3 Bxa6 7.Nf3 Bg7 8.g3 d6
9.Bg2 O-O 10.O-O Nbd7 11.Rb1 Qa5 12.Bd2 Rfb8 13.Qc2 Qc7 14.b3 Nb6 15.Nh4 Nbd7
16.Rfd1 Rb7 17.Nf3 Rab8 18.a3 Ne8 19.e4 Qd8 20.Be1 Nc7 21.a4 Rb6 22.Na2 Ra8
23.b4 cxb4 24.Nxb4 Bf8 25.Bh3 Rb7 26.Nc6 Qe8 27.Rxb7 Bxb7 28.Na5 {#r} 1-0

[Event "Ch Niederrhein"]
[Site "masterchessopen.com - Hilden (Germany)"]
[Date "2004.04.06"]
[Round "5"]
[White "Wolkowski Boris"]
[Black "Strater Heinz (GER)"]
[Result "1-0"]
[WhiteElo "2207"]
[BlackElo "2060"]

1.d4 Nf6 2.c4 c5 3.d5 b5 4.cxb5 a6 5.bxa6 Bxa6 6.Nc3 g6 7.g3 d6 8.Bg2 Bg7
9.Nf3 O-O 10.O-O Nbd7 11.Rb1 Qc7 12.Qc2 Rfb8 13.Rd1 Rb7 14.Bg5 Rab8 15.b3 c4
16.Nd4 cxb3 17.axb3 Nc5 18.Nc6 Rxb3 19.Nxb8 Rxb8 20.Na4 Rxb1 21.Rxb1 Bxe2
22.Nxc5 Bg4 23.Qa4 dxc5 24.Bxf6 {#r} 1-0

[Event "It (blitz) ACP (Prelim4)"]
[Site "masterchessopen.com - Internet"]
[Date "2004.04.15"]
[Round "15"]
[White "Golod Vitali (ISR)"]
[Black "Battesti Saveriu (FRA)"]
[Result "1-0"]
[WhiteElo "2554"]
[BlackElo "1864"]

1.d4 Nf6 2.c4 c5 3.d5 b5 4.cxb5 a6 5.bxa6 Bxa6 6.Nc3 d6 7.g3 g6 8.Nf3 Bg7
9.Bg2 O-O 10.O-O Nbd7 11.Qc2 Nb6 12.Rd1 Bb7 13.e4 Ra5 14.Rb1 Qa8 15.b3 Nfd7
16.a4 Rb8 17.Bd2 f5 18.exf5 Ne5 19.Nxe5 Bxe5 20.fxg6 hxg6 21.Qxg6+ Bg7 22.Bh6
{#r} 1-0